Literary Monster Match-Up Quiz Stats

 Plays Quiz Updated Oct 17, 2015

Challenge
Share
Tweet
Embed
Score 0/20 Timer 04:00
2 Plays Today
% Correct
Mr. Hyde
95.1%
Frankenstein's Monster
93.2%
Dracula
91.5%
Headless Horseman
90%
Giant Squid
89.1%
Dementors
85.9%
The Grand High Witch
80%
Jabberwock
78.6%
Grendel
74.7%
White Walkers
71.8%
% Correct
Nazgûl
69.5%
Pennywise
69.1%
Morlocks
61.4%
Cthulhu
59.5%
Triffids
56.6%
Medusa
52.4%
Beldam (The Other Mother)
51.4%
Scylla
51.3%
The Woman in Black
51%
The Nothing
49.1%

You're not logged in!

Compare scores with friends on all Sporcle quizzes.
OR
Log In

You Might Also Like...

Show Comments

Extras

Top Quizzes Today


Score Distribution

Your Account Isn't Verified!

In order to create a playlist on Sporcle, you need to verify the email address you used during registration. Go to your Sporcle Settings to finish the process.

Report this User

Report this user for behavior that violates our Community Guidelines.

Details: